Algebraic number theory /
Guardado en:
| Autor Principal: | |
|---|---|
| Otros Autores: | |
| Formato: | Libro |
| Idioma: | English |
| Publicado: |
London :
Chapman and Hall,
1987.
|
| Edición: | 2nd ed. |
| Series: | Chapman and Hall mathematics series
|
| Etiquetas: |
Agregar Etiqueta
Sin Etiquetas, Sea el primero en etiquetar este registro!
|
| LEADER | 00711nam a22002295a 4500 | ||
|---|---|---|---|
| 001 | MAT.inmabb003198 | ||
| 008 | 051101s1987####enka#####b####001#0#eng#d | ||
| 005 | 20130227132019.0 | ||
| 245 | 1 | 0 | |a Algebraic number theory / |c Ian Stewart, David Tall. |
| 250 | |a 2nd ed. | ||
| 260 | |a London : |b Chapman and Hall, |c 1987. | ||
| 300 | |a xix, 262 p. : |b il. ; |c 22 cm. | ||
| 440 | 0 | |a Chapman and Hall mathematics series | |
| 504 | |a Bibliografía: p. 253-255. | ||
| 510 | 4 | |a MR, |c 88d:11001 | |
| 020 | |a 041229690X (pbk.) | ||
| 020 | |a 0412298708 (hard) | ||
| 100 | 1 | |a Stewart, Ian, |d 1945- | |
| 700 | 1 | |a Tall, David Orme. | |
| 084 | |a 11-01 (11Rxx) |2 msc2000 | ||
| 010 | |a 86031692 | ||
| 859 | |h 11 |i St849-2 |p A-6458 |b BIB. MATEMATICA | ||
